000 00648nam a22002417a 4500
003 UA-OsUOA
001 117117
007 ta
008 20160426b un ||||| |||| 00| 0 ukr d
090 _a159.9:611.81
_bО-75
942 _cBK
040 _aUA-OsUOA
_brus
_cUA-OsUOA
_dUA-OsUOA
245 _aОсновы нейропсихологии
_bучебник
300 _a148 с.
955 _a2
041 _arus
080 _a159.9:611.81
020 _a978-617-518-272-7
591 _aКаламаж Р. В.
260 _aДніпропетровськ
_bПороги
_c2013
650 7 _a159.9 Психологія
_2UDC
999 _c403123
_d403123